Statystyki dla Państwa europejskie, w których nie ma niedźwiedzi bruna

Kliknij tutaj aby rozwiązać quiz!

Ogólne statystyki

  • Ten quiz został rozwiązany 389 razy
  • Średni wynik to 13 z 18

Statystyki odpowiedzi

Brak kraju niedźwiedzia% Poprawnych
Wielka Brytania
84%
Irlandia
82%
Watykan
81%
Liechtenstein
80%
San Marino
80%
Islandia
79%
Luksemburg
78%
Portugalia
77%
Belgia
76%
Holandia
74%
Dania
71%
Monako
70%
Malta
69%
Litwa
59%
Austria
58%
Szwajcaria
54%
Węgry
47%
Mołdawia
42%

Rozkład punktacji

Percentyl według liczby udzielonych odpowiedzi

Procent ludzi z każdym wynikiem

Twoja historia wyników

Nie rozwiązałeś tego quizu